[Event "IX American Continental Classical Championship 201"]
[Site "Hotel Pipa AtlÃ¢ntico - Praia da Pipa - Rio Grande"]
[Date "2014.10.22"]
[Round "7"]
[Board "33"]
[White "Daneri, Martin"]
[Black "Hernandez Riera, Jose"]
[Result "1/2-1/2"]
[WhiteElo "2099"]
[BlackElo "2203"]
[PlyCount "132"]
[EventDate "2014.10.18"]
[EventRounds "11"]
[EventCountry "BRA"]

1. b3 d5 2. e3 c5 3. Bb2 Nc6 4. Bb5 Qb6 5. Nc3 Nf6 6. Nf3 d4 7. Bxc6+ Qxc6 8.
exd4 cxd4 9. Ne2 d3 10. cxd3 g6 11. O-O Bg7 12. Ne5 Qd6 13. Ng3 O-O 14. Qf3 Qd5
15. Ne4 Nxe4 16. dxe4 Qxd2 17. Nc4 Qd7 18. Bxg7 Kxg7 19. h3 b5 20. Rfd1 Qe6 21.
Na5 Rb8 22. Qc3+ Kg8 23. Qc7 Qb6 24. Rac1 Re8 25. Rc6 Qxc7 26. Rxc7 a6 27. Nc6
Rb7 28. Nxe7+ Rxe7 29. Rxc8+ Kg7 30. f3 Rb6 31. Kf2 Rbe6 32. Rd2 h5 33. h4 Kh7
34. Rc5 Kg7 35. g3 Kh7 36. Ke3 Kh6 37. Rd4 f5 38. Kf4 fxe4 39. Rxe4 Rf7+ 40.
Ke3 Rd6 41. g4 hxg4 42. fxg4 Rd1 43. Rce5 Ra1 44. Re6 Rxa2 45. h5 Rg7 46. Rd4
Kh7 47. hxg6+ Rxg6 48. Rxg6 Kxg6 49. Kd3 Kg5 50. Kc3 a5 51. Rd5+ Kxg4 52. Rxb5
Kf4 53. Rd5 Ke4 54. Rd8 Ke5 55. Kc4 Rc2+ 56. Kb5 Rc3 57. Ka4 Rc5 58. Ra8 Kd6
59. Rxa5 Rc1 60. b4 Kc6 61. Ra6+ Kb7 62. Rh6 Rg1 63. Ka5 Rg7 64. b5 Rf7 65.
Rb6+ Ka7 66. Ra6+ Kb7 1/2-1/2

[Event "IX American Continental Classical Championship 201"]
[Site "Hotel Pipa AtlÃ¢ntico - Praia da Pipa - Rio Grande"]
[Date "2014.10.22"]
[Round "7"]
[Board "34"]
[White "Azevedo Junior, Jose Ferreira"]
[Black "Silveira Filho, Neri Da Silva"]
[Result "1/2-1/2"]
[WhiteElo "2088"]
[BlackElo "2200"]
[PlyCount "84"]
[EventDate "2014.10.18"]
[EventRounds "11"]
[EventCountry "BRA"]

1. c4 g6 2. Nc3 Bg7 3. d4 d6 4. Nf3 Nd7 5. e3 e5 6. Be2 Ne7 7. b3 O-O 8. Bb2 h6
9. O-O f5 10. dxe5 Nxe5 11. Qd2 Be6 12. Rad1 a6 13. Qc1 Qe8 14. Nd5 Bxd5 15.
cxd5 Nxf3+ 16. Bxf3 Bxb2 17. Qxb2 Qf7 18. e4 Qf6 19. Qc1 fxe4 20. Bxe4 Qf4 21.
Qc2 c5 22. dxc6 bxc6 23. Bxc6 Rac8 24. Bd5+ Kh7 25. Qe4 Nxd5 26. Qxd5 Rc2 27.
g3 Qf7 28. a4 Qxd5 29. Rxd5 Rf6 30. Ra5 Rc6 31. b4 g5 32. b5 axb5 33. Rxb5 Rc2
34. f4 gxf4 35. Rxf4 Rxf4 36. gxf4 Rc4 37. Ra5 Rxf4 38. Ra7+ Kg6 39. a5 Ra4 40.
a6 Ra2 41. Ra8 d5 42. a7 Kh5 1/2-1/2

[Event "IX American Continental Classical Championship 201"]
[Site "Hotel Pipa AtlÃ¢ntico - Praia da Pipa - Rio Grande"]
[Date "2014.10.22"]
[Round "7"]
[Board "35"]
[White "Herman, Diego"]
[Black "Ferreira, Kleber Victor"]
[Result "1-0"]
[WhiteElo "2198"]
[BlackElo "2079"]
[PlyCount "33"]
[EventDate "2014.10.18"]
[EventRounds "11"]
[EventCountry "BRA"]

1. Nc3 c5 2. Nf3 Nc6 3. d4 cxd4 4. Nxd4 Nf6 5. Bg5 d6 6. e3 e5 7. Bxf6 gxf6 8.
Nxc6 bxc6 9. Qf3 Bd7 10. O-O-O f5 11. Bc4 Be7 12. g4 e4 13. Nxe4 d5 14. gxf5
dxc4 15. f6 Bf8 16. Nd6+ Bxd6 17. Rxd6 1-0

[Event "IX American Continental Classical Championship 201"]
[Site "Hotel Pipa AtlÃ¢ntico - Praia da Pipa - Rio Grande"]
[Date "2014.10.22"]
[Round "7"]
[Board "36"]
[White "Parente, Renan Braz"]
[Black "Barata, Adriano Albiani"]
[Result "0-1"]
[WhiteElo "2071"]
[BlackElo "2171"]
[PlyCount "126"]
[EventDate "2014.10.18"]
[EventRounds "11"]
[EventCountry "BRA"]

1. e4 c5 2. Nc3 Nc6 3. f4 g6 4. Nf3 Bg7 5. Bb5 Nd4 6. O-O Nxb5 7. Nxb5 Nf6 8.
e5 Nd5 9. d4 Nc7 10. Nc3 cxd4 11. Nxd4 O-O 12. Be3 d6 13. exd6 Qxd6 14. Ndb5
Nxb5 15. Nxb5 Qxd1 16. Raxd1 Bg4 17. Rd2 a6 18. Nd4 Rad8 19. h3 Bc8 20. Rfd1 e5
21. fxe5 Bxe5 22. c3 Rfe8 23. Nf3 Rxd2 24. Rxd2 Bc7 25. Kf2 f6 26. c4 Kf7 27.
b4 Be6 28. Rc2 Bf5 29. Rd2 Rd8 30. Rxd8 Bxd8 31. Bf4 Bb1 32. a3 Bd3 33. Nd2 g5
34. Ke3 Bc2 35. Bb8 f5 36. Be5 Ke6 37. Kd4 h5 38. c5 h4 39. Bg7 Ba4 40. Nf3 Bc6
41. Ke3 Be4 42. Bh6 Bxf3 43. gxf3 Kd5 44. Kd3 Bf6 45. Bf8 g4 46. fxg4 fxg4 47.
Ke3 gxh3 48. Kf3 Bb2 49. a4 Kc6 50. Be7 Bc3 51. b5+ axb5 52. axb5+ Kxb5 53.
Bxh4 Kxc5 54. Be7+ Kc4 55. Kg3 b5 56. Kxh3 Bb4 57. Bd8 Bc3 58. Be7 Bd4 59. Kg2
Bc5 60. Bf6 b4 61. Kf1 b3 62. Ke2 Bd4 63. Bxd4 Kxd4 0-1

[Event "IX American Continental Classical Championship 201"]
[Site "Hotel Pipa AtlÃ¢ntico - Praia da Pipa - Rio Grande"]
[Date "2014.10.22"]
[Round "7"]
[Board "37"]
[White "Fiora, Emilio"]
[Black "Markzon, Gregory"]
[Result "0-1"]
[WhiteElo "2058"]
[BlackElo "2160"]
[PlyCount "143"]
[EventDate "2014.10.18"]
[EventRounds "11"]
[EventCountry "BRA"]

1. d4 Nf6 2. Nc3 d5 3. Bg5 Nbd7 4. Qd3 h6 5. Bf4 a6 6. Nf3 e6 7. e3 c5 8. Ne5
Nxe5 9. Bxe5 Bd7 10. Be2 Bc6 11. Bf3 Nd7 12. Bg3 Be7 13. O-O O-O 14. Ne2 Bf6
15. c3 Qb6 16. Rab1 Rfd8 17. Bg4 cxd4 18. exd4 e5 19. Bxd7 e4 20. Qe3 Rxd7 21.
Bf4 Bb5 22. Rfe1 Bd3 23. Qh3 Rad8 24. Rbc1 Bxe2 25. Rxe2 g5 26. Bg3 Bg7 27. f3
Qg6 28. Rf1 h5 29. Be1 g4 30. fxg4 hxg4 31. Qg3 Rd6 32. Ref2 R8d7 33. Rf4 Qh5
34. Bd2 Rg6 35. Rf5 Qh7 36. Qb8+ Bf8 37. Bg5 e3 38. Bxe3 Qh4 39. g3 Qe7 40. Re5
Qd6 41. Qxd6 Rdxd6 42. Rff5 Rde6 43. Bf4 Rxe5 44. Rxe5 Rb6 45. b3 Rc6 46. Bd2
Re6 47. Rg5+ Kh7 48. Rxd5 Re2 49. Bf4 Rxa2 50. Rd7 b5 51. Rxf7+ Kg8 52. Rc7 a5
53. c4 b4 54. Ra7 Bg7 55. Be3 Re2 56. Ra8+ Kf7 57. Bf2 Ra2 58. Rb8 Ra3 59. Rb5
Rxb3 60. Rxa5 Rc3 61. Rb5 b3 62. Kf1 Rc1+ 63. Ke2 Rc2+ 64. Kd3 Rxf2 65. Rxb3
Rf3+ 66. Kc2 Rxb3 67. Kxb3 Bxd4 68. Kc2 Ke6 69. Kd3 Ke5 70. Ke2 Ke4 71. Ke1 Kf3
72. Kf1 0-1

[Event "IX American Continental Classical Championship 201"]
[Site "Hotel Pipa AtlÃ¢ntico - Praia da Pipa - Rio Grande"]
[Date "2014.10.22"]
[Round "7"]
[Board "38"]
[White "Souza, Rafael Cabral De"]
[Black "Beckerman, M."]
[Result "1-0"]
[WhiteElo "2138"]
[BlackElo "2019"]
[PlyCount "65"]
[EventDate "2014.10.18"]
[EventRounds "11"]
[EventCountry "BRA"]

1. e4 e6 2. d4 d5 3. e5 c5 4. c3 Qb6 5. Nf3 Nc6 6. a3 c4 7. Nbd2 Bd7 8. b3 cxb3
9. Nxb3 Na5 10. Nxa5 Qxa5 11. Bd2 Qa4 12. Qb1 Bc6 13. Bd3 h6 14. O-O Ne7 15.
Rc1 Nc8 16. Bc2 Qa6 17. Bd3 Qa4 18. c4 Nb6 19. cxd5 Nxd5 20. Rc4 Qb5 21. Rb4
Qa5 22. Rxb7 Qd8 23. Bb5 Qc8 24. Ba6 Nc7 25. d5 Bxd5 26. Nd4 Bc5 27. Rxc7 Qxc7
28. Qb5+ Kd8 29. Rc1 Bxd4 30. Rxc7 Kxc7 31. Ba5+ Bb6 32. Qc5+ Bc6 33. Qd6# 1-0

[Event "IX American Continental Classical Championship 201"]
[Site "Hotel Pipa AtlÃ¢ntico - Praia da Pipa - Rio Grande"]
[Date "2014.10.22"]
[Round "7"]
[Board "39"]
[White "Cabezas Rojas, Bastian"]
[Black "Santos, Anderson Guerra Dos"]
[Result "0-1"]
[WhiteElo "1942"]
[BlackElo "2119"]
[PlyCount "114"]
[EventDate "2014.10.18"]
[EventRounds "11"]
[EventCountry "BRA"]

1. d4 Nf6 2. Nf3 g6 3. g3 Bg7 4. Bg2 O-O 5. O-O d6 6. c4 Nc6 7. Nc3 a6 8. b3
Bd7 9. Bb2 Rb8 10. d5 Na5 11. Qd2 c5 12. dxc6 bxc6 13. Nd1 Qb6 14. Rc1 Nb7 15.
Qe3 c5 16. h3 a5 17. a4 Nd8 18. Nd2 Re8 19. Nc3 Nc6 20. Ba1 Nd4 21. Nb5 e5 22.
Kh2 Rbd8 23. Ne4 Nxe4 24. Bxe4 f5 25. Bd5+ Kh8 26. Qd3 Bc6 27. Bxd4 exd4 28.
Rce1 Bxd5 29. cxd5 Re5 30. e4 Rde8 31. f3 Bh6 32. Na3 Qc7 33. Nc4 R5e7 34. e5
Rxe5 35. Nxe5 dxe5 36. Qa6 Rd8 37. Qe6 Bg7 38. Rc1 Qc8 39. Qc6 Bf8 40. Qf6+ Bg7
41. Qc6 Qxc6 42. dxc6 Bf8 43. Rfe1 Bd6 44. Kg2 Rc8 45. g4 Rxc6 46. Kf2 Rb6 47.
Rb1 Kg7 48. Ke2 Kf6 49. Kd3 Ke6 50. gxf5+ gxf5 51. Rg1 h6 52. Kc2 e4 53. fxe4
fxe4 54. Rg6+ Kd5 55. Rf1 d3+ 56. Kd1 Rxb3 57. Rf5+ Be5 0-1

[Event "IX American Continental Classical Championship 201"]
[Site "Hotel Pipa AtlÃ¢ntico - Praia da Pipa - Rio Grande"]
[Date "2014.10.22"]
[Round "7"]
[Board "40"]
[White "Luz, Arthur Nader"]
[Black "Arango, Andres Mauricio"]
[Result "1-0"]
[WhiteElo "1885"]
[BlackElo "2111"]
[PlyCount "83"]
[EventDate "2014.10.18"]
[EventRounds "11"]
[EventCountry "BRA"]

1. d4 d5 2. c4 c6 3. Nc3 Nf6 4. Nf3 e6 5. Bg5 dxc4 6. e4 b5 7. e5 h6 8. Bh4 g5
9. Nxg5 hxg5 10. Bxg5 Nbd7 11. g3 Qb6 12. exf6 Bb7 13. Bg2 c5 14. d5 O-O-O 15.
O-O b4 16. Na4 Qa6 17. a3 Bxd5 18. Bxd5 Ne5 19. axb4 Rxd5 20. Qe2 cxb4 21. Nc3
Qc6 22. Bf4 Nd3 23. Nxd5 Qxd5 24. Be3 a5 25. Rac1 Kb7 26. Rfd1 Nxc1 27. Bxc1
Qc6 28. Rd4 Bd6 29. Rxc4 Qd5 30. h4 Be5 31. Bf4 Bxf4 32. Rxf4 Rc8 33. Qe4 Rc1+
34. Kg2 Rc4 35. Qxd5+ exd5 36. Rf5 Rd4 37. h5 a4 38. h6 a3 39. bxa3 b3 40. Rf3
Ra4 41. Rxb3+ Kc7 42. Rb8 1-0

[Event "IX American Continental Classical Championship 201"]
[Site "Hotel Pipa AtlÃ¢ntico - Praia da Pipa - Rio Grande"]
[Date "2014.10.22"]
[Round "7"]
[Board "41"]
[White "Pereira, Silvio Cunha"]
[Black "Serafim Junior, Arnor"]
[Result "1-0"]
[WhiteElo "2335"]
[BlackElo "1811"]
[PlyCount "89"]
[EventDate "2014.10.18"]
[EventRounds "11"]
[EventCountry "BRA"]

1. e4 c5 2. Nf3 e6 3. d4 cxd4 4. Nxd4 a6 5. c4 Nf6 6. Nc3 d6 7. Be2 Bd7 8. O-O
Nc6 9. Be3 Be7 10. Rc1 O-O 11. f4 Qc7 12. Nb3 b6 13. Bd3 Rfe8 14. g4 g6 15. Be2
Rec8 16. h4 Qd8 17. g5 Ne8 18. Qe1 Bf8 19. Qf2 Rcb8 20. Na4 Nd4 21. Nxd4 Bxa4
22. f5 exf5 23. exf5 Qe7 24. Bf3 Ra7 25. Bd5 Bd7 26. fxg6 hxg6 27. Qxf7+ Qxf7
28. Rxf7 Nc7 29. Rxd7+ Nxd5 30. Rxa7 Nxe3 31. b3 Bg7 32. Nc6 Rf8 33. Ne7+ Kh7
34. Nd5 Nf5 35. Rf1 Kh8 36. Nf4 Bd4+ 37. Kh2 Be5 38. Kh3 Nxh4 39. Kxh4 Rxf4+
40. Rxf4 Bxf4 41. Rxa6 Be3 42. b4 Kg8 43. Ra7 b5 44. Ra8+ Kf7 45. cxb5 1-0

[Event "IX American Continental Classical Championship 201"]
[Site "Hotel Pipa AtlÃ¢ntico - Praia da Pipa - Rio Grande"]
[Date "2014.10.22"]
[Round "7"]
[Board "42"]
[White "Rothebarth, Ana Vitoria De Pau"]
[Black "Martins, George Evandro Barret"]
[Result "1/2-1/2"]
[WhiteElo "2042"]
[BlackElo "2276"]
[PlyCount "60"]
[EventDate "2014.10.18"]
[EventRounds "11"]
[EventCountry "BRA"]

1. e4 g6 2. d4 d5 3. Nd2 Bg7 4. c3 dxe4 5. Nxe4 Qd5 6. Qf3 Nc6 7. Ng5 Nf6 8.
Qxd5 Nxd5 9. Bc4 e6 10. Ne2 Nce7 11. O-O O-O 12. Re1 b6 13. Nf4 Rd8 14. Nf3 Bb7
15. Nxd5 Nxd5 16. Bg5 Re8 17. Rad1 a6 18. a4 Rac8 19. Bh4 c5 20. Bb3 cxd4 21.
Nxd4 Nf4 22. Nf3 Bc6 23. Re3 h6 24. Bg3 Nd5 25. Red3 g5 26. Ne5 Bxe5 27. Bxe5
b5 28. axb5 axb5 29. Bxd5 Bxd5 30. h4 g4 1/2-1/2

[Event "IX American Continental Classical Championship 201"]
[Site "Hotel Pipa AtlÃ¢ntico - Praia da Pipa - Rio Grande"]
[Date "2014.10.22"]
[Round "7"]
[Board "43"]
[White "Alarcon Bahamondes, Roberto"]
[Black "Magas Varas, Rodrigo"]
[Result "1/2-1/2"]
[WhiteElo "2276"]
[BlackElo "2041"]
[PlyCount "97"]
[EventDate "2014.10.18"]
[EventRounds "11"]
[EventCountry "BRA"]

1. e4 c5 2. Nf3 e6 3. d4 cxd4 4. Nxd4 a6 5. Bd3 Nf6 6. Qe2 e5 7. Nf3 Nc6 8. O-O
Bc5 9. Nc3 d6 10. h3 h6 11. Rd1 O-O 12. Be3 Bxe3 13. Qxe3 Be6 14. Rd2 Qc7 15.
Rad1 Rad8 16. Bf1 Rfe8 17. g3 b5 18. a4 b4 19. Nd5 Bxd5 20. exd5 Nb8 21. Nh4
Nfd7 22. Qe4 a5 23. Bb5 Rf8 24. Nf5 g6 25. Ne7+ Kh7 26. Nc6 f5 27. Qe3 Nxc6 28.
dxc6 Nf6 29. Re2 Kg7 30. c3 bxc3 31. bxc3 Ne4 32. c4 Rfe8 33. h4 h5 34. Qf3 Rf8
35. Qe3 Rfe8 36. Qd3 Re7 37. Kg2 Nc5 38. Qd5 Kf6 39. Qd2 Kg7 40. Qe1 Rde8 41.
Red2 Re6 42. Rd5 R8e7 43. Qe3 Kh7 44. Rxc5 f4 45. Qa3 dxc5 46. Qxc5 fxg3 47.
fxg3 e4 48. Qe3 Rd6 49. Rd5 1/2-1/2

[Event "IX American Continental Classical Championship 201"]
[Site "Hotel Pipa AtlÃ¢ntico - Praia da Pipa - Rio Grande"]
[Date "2014.10.22"]
[Round "7"]
[Board "44"]
[White "Terao, Juliana Sayumi"]
[Black "Hurtado Bahamonde, Rodrigo"]
[Result "1-0"]
[WhiteElo "2229"]
[BlackElo "2040"]
[PlyCount "81"]
[EventDate "2014.10.18"]
[EventRounds "11"]
[EventCountry "BRA"]

1. e4 e5 2. Nf3 Nc6 3. Nc3 Nf6 4. Bb5 Bb4 5. O-O O-O 6. d3 d6 7. Bg5 Bxc3 8.
bxc3 h6 9. Bh4 Qe7 10. Nd2 Nd8 11. Bg3 Ne6 12. Bc4 g5 13. Bxe6 Bxe6 14. d4 Bg4
15. f3 Bd7 16. Rb1 b5 17. Rf2 Nh5 18. Nf1 Nf4 19. Ne3 c6 20. Rd2 Rfd8 21. c4 a6
22. a4 bxa4 23. dxe5 Qxe5 24. Rxd6 Qe8 25. c5 Be6 26. Ra1 Rdb8 27. Rxa4 Rb5 28.
Rad4 Kh7 29. Kf2 Rxc5 30. Qd2 Ng6 31. Rd8 Rxd8 32. Rxd8 Qe7 33. Ra8 Rb5 34.
Rxa6 Qb7 35. Ra3 Rb1 36. Qd4 Qb5 37. Ra8 h5 38. h4 gxh4 39. Bxh4 Rh1 40. Bf6 c5
41. Qd8 1-0

[Event "IX American Continental Classical Championship 201"]
[Site "Hotel Pipa AtlÃ¢ntico - Praia da Pipa - Rio Grande"]
[Date "2014.10.22"]
[Round "7"]
[Board "45"]
[White "Rocha, Vitor Firmo De Souza"]
[Black "Fernandez, Maria Florencia"]
[Result "0-1"]
[WhiteElo "2041"]
[BlackElo "2218"]
[PlyCount "22"]
[EventDate "2014.10.18"]
[EventRounds "11"]
[EventCountry "BRA"]

1. e4 d6 2. d4 Nf6 3. Nc3 g6 4. f4 Bg7 5. Nf3 O-O 6. Be3 c5 7. dxc5 Qa5 8. Qd2
dxc5 9. O-O-O Nxe4 10. Nxe4 Qxa2 11. Qd5 Bxb2+ 0-1

[Event "IX American Continental Classical Championship 201"]
[Site "Hotel Pipa AtlÃ¢ntico - Praia da Pipa - Rio Grande"]
[Date "2014.10.22"]
[Round "7"]
[Board "46"]
[White "Xavier, Lucca Lucas"]
[Black "Caetano, Hugo Zanotti Mendonca"]
[Result "0-1"]
[WhiteElo "2039"]
[BlackElo "2209"]
[PlyCount "46"]
[EventDate "2014.10.18"]
[EventRounds "11"]
[EventCountry "BRA"]

1. e4 c5 2. Nf3 Nc6 3. Nc3 g6 4. Bc4 Bg7 5. O-O Nf6 6. e5 Ng8 7. d4 cxd4 8. Nd5
Nxe5 9. Bf4 d6 10. Bb5+ Bd7 11. Qe2 Nxf3+ 12. gxf3 e5 13. c3 d3 14. Bxd3 Bc6
15. Bc4 Nf6 16. Bg5 h6 17. Bxf6 Bxf6 18. f4 O-O 19. Rad1 exf4 20. Nxf4 Be5 21.
Qg4 Kh7 22. Bd3 Qf6 23. Nh5 Qf3 0-1

[Event "IX American Continental Classical Championship 201"]
[Site "Hotel Pipa AtlÃ¢ntico - Praia da Pipa - Rio Grande"]
[Date "2014.10.22"]
[Round "7"]
[Board "47"]
[White "Souza Neves, Andrey M."]
[Black "Reboucas, Deive Pacheco"]
[Result "1-0"]
[WhiteElo "2173"]
[BlackElo "2008"]
[PlyCount "59"]
[EventDate "2014.10.18"]
[EventRounds "11"]
[EventCountry "BRA"]

1. d4 f5 2. Bf4 Nf6 3. e3 g6 4. h4 Bg7 5. h5 Nxh5 6. Rxh5 gxh5 7. Qxh5+ Kf8 8.
Qxf5+ Kg8 9. Nf3 Qf8 10. Qg4 d5 11. Qg3 Bf5 12. Nc3 c6 13. O-O-O Nd7 14. Nh4 b5
15. Be2 e6 16. Rh1 Qf7 17. Nxf5 exf5 18. Rh5 Nf6 19. Rxf5 h5 20. Bg5 h4 21.
Bxh4 Rh6 22. Bf3 Rf8 23. Ne2 Qe6 24. Rg5 Rf7 25. Nf4 Qd7 26. Rg6 Rxg6 27. Nxg6
Qe6 28. Ne5 Rb7 29. Qg6 Ne8 30. Qxe6+ 1-0

[Event "IX American Continental Classical Championship 201"]
[Site "Hotel Pipa AtlÃ¢ntico - Praia da Pipa - Rio Grande"]
[Date "2014.10.22"]
[Round "7"]
[Board "48"]
[White "Cortes Orihuela, Javier"]
[Black "Pereira, Henry Alberto"]
[Result "1-0"]
[WhiteElo "2156"]
[BlackElo "1995"]
[PlyCount "57"]
[EventDate "2014.10.18"]
[EventRounds "11"]
[EventCountry "BRA"]

1. d4 Nf6 2. c4 g6 3. Nc3 Bg7 4. e4 d6 5. Nf3 O-O 6. h3 e5 7. d5 Nh5 8. Nh2 a5
9. g3 Na6 10. Be2 Nf6 11. g4 Nc5 12. Qc2 Bd7 13. Be3 b6 14. h4 Ne8 15. h5 f5
16. h6 Bf6 17. gxf5 gxf5 18. exf5 Qc8 19. Bg4 Be7 20. Nf1 Bxf5 21. Bxf5 Qxf5
22. Qxf5 Rxf5 23. Ng3 Rf7 24. Ke2 Nf6 25. Rag1 Kh8 26. Nf5 Rg8 27. Rg7 Rgxg7
28. hxg7+ Kg8 29. Rg1 1-0

[Event "IX American Continental Classical Championship 201"]
[Site "Hotel Pipa AtlÃ¢ntico - Praia da Pipa - Rio Grande"]
[Date "2014.10.22"]
[Round "7"]
[Board "49"]
[White "Zallio, Luciano De Souza"]
[Black "Bulgarini Torre, Marco"]
[Result "1-0"]
[WhiteElo "2150"]
[BlackElo "1978"]
[PlyCount "93"]
[EventDate "2014.10.18"]
[EventRounds "11"]
[EventCountry "BRA"]

1. d4 Nf6 2. Nf3 g6 3. e3 Bg7 4. Bd3 O-O 5. O-O d6 6. b3 c5 7. Bb2 Nc6 8. a3
Nd7 9. Nbd2 a6 10. Re1 Rb8 11. c3 b5 12. Qc2 Qb6 13. Rab1 e5 14. d5 Ne7 15. c4
f5 16. Ng5 Nf6 17. e4 f4 18. b4 Bh6 19. Ngf3 Nd7 20. cxb5 axb5 21. bxc5 Nxc5
22. Bc3 Bd7 23. Nb3 Rfc8 24. Qd2 Na4 25. Ba5 Qa6 26. Rec1 Nb6 27. Bb4 Nc4 28.
Qe2 g5 29. Nfd2 Nxd2 30. Qxd2 f3 31. Rxc8+ Rxc8 32. Rc1 fxg2 33. Rxc8+ Qxc8 34.
Bxd6 Ng6 35. Bc5 Nf4 36. Be3 Bf8 37. Bxf4 gxf4 38. Qb2 Bd6 39. Nd2 Kf7 40. Nf3
Kf6 41. Bxb5 Qb8 42. a4 Bc5 43. Qc3 Bxb5 44. axb5 Qxb5 45. Qxe5+ Kf7 46. Qxf4+
Ke8 47. Kxg2 1-0

[Event "IX American Continental Classical Championship 201"]
[Site "Hotel Pipa AtlÃ¢ntico - Praia da Pipa - Rio Grande"]
[Date "2014.10.22"]
[Round "7"]
[Board "50"]
[White "Caceres Vasquez, Sergio"]
[Black "Zimmermann, Kleber Renato P."]
[Result "1-0"]
[WhiteElo "2138"]
[BlackElo "1938"]
[PlyCount "133"]
[EventDate "2014.10.18"]
[EventRounds "11"]
[EventCountry "BRA"]

1. d4 Nf6 2. c4 c5 3. d5 b5 4. cxb5 a6 5. bxa6 g6 6. Nc3 Bxa6 7. e4 Bxf1 8.
Kxf1 d6 9. g3 Nbd7 10. h3 Bg7 11. Kg2 O-O 12. Nf3 Qb6 13. Re1 Rfb8 14. e5 Nxe5
15. Nxe5 dxe5 16. Rxe5 Qb7 17. Qf3 Rd8 18. Bg5 Rd7 19. Rd1 Ne8 20. Re2 Nd6 21.
g4 h6 22. Bf4 Rad8 23. Bxd6 exd6 24. Rdd2 Re7 25. Rxe7 Qxe7 26. Re2 Qb7 27. Nd1
Bd4 28. b3 Ra8 29. Ne3 Re8 30. Rd2 Bxe3 31. fxe3 Qb4 32. Rf2 Re7 33. Qf4 Qxf4
34. exf4 Re3 35. Rb2 Kf8 36. a4 Ke7 37. a5 Kd7 38. b4 Ra3 39. bxc5 dxc5 40.
Rb7+ Kd6 41. Rxf7 Kxd5 42. Rf6 c4 43. Kf2 Rxa5 44. Rxg6 Ke4 45. f5 h5 46. f6
hxg4 47. hxg4 Ra3 48. g5 Rf3+ 49. Ke2 c3 50. Rg8 Rf5 51. Rg7 Kd4 52. Rd7+ Ke5
53. f7 Ke6 54. g6 Kxd7 55. g7 Rxf7 56. g8=Q Re7+ 57. Kd3 Kd6 58. Kxc3 Rc7+ 59.
Kd4 Re7 60. Qg3+ Kd7 61. Kd5 Ke8 62. Qg8+ Kd7 63. Qb8 Re1 64. Qb5+ Kc8 65. Qa6+
Kd7 66. Qa4+ Kc8 67. Qg4+ 1-0

[Event "IX American Continental Classical Championship 201"]
[Site "Hotel Pipa AtlÃ¢ntico - Praia da Pipa - Rio Grande"]
[Date "2014.10.22"]
[Round "7"]
[Board "51"]
[White "Pinheiro, Davi Sales"]
[Black "Palacio, Igor Da Paz"]
[Result "0-1"]
[WhiteElo "2022"]
[BlackElo "2130"]
[PlyCount "28"]
[EventDate "2014.10.18"]
[EventRounds "11"]
[EventCountry "BRA"]

1. d4 Nf6 2. c4 e6 3. Nc3 Bb4 4. e3 c5 5. Nf3 O-O 6. Bd3 d5 7. O-O cxd4 8. exd4
dxc4 9. Bxc4 h6 10. Qd3 Nbd7 11. Bb3 Nc5 12. Qc4 Nxb3 13. Qxb4 Nxa1 14. Qa4 b5
 0-1

[Event "IX American Continental Classical Championship 201"]
[Site "Hotel Pipa AtlÃ¢ntico - Praia da Pipa - Rio Grande"]
[Date "2014.10.22"]
[Round "7"]
[Board "52"]
[White "Jorquera Cabello, Valentina"]
[Black "Souza, Marcos Valerio A."]
[Result "0-1"]
[WhiteElo "2000"]
[BlackElo "2117"]
[PlyCount "100"]
[EventDate "2014.10.18"]
[EventRounds "11"]
[EventCountry "BRA"]

1. d4 Nf6 2. c4 g6 3. g3 Bg7 4. Bg2 O-O 5. Nf3 d6 6. Nc3 Nbd7 7. O-O e5 8. e4
c6 9. Qc2 exd4 10. Nxd4 Re8 11. h3 Nb6 12. Qd3 Nfd7 13. b3 Nc5 14. Qd1 Qf6 15.
Be3 Ne6 16. Nde2 Ng5 17. Bxg5 Qxg5 18. Qxd6 Qh5 19. Nf4 Qa5 20. Nce2 Bxa1 21.
Rxa1 Qe5 22. Qxe5 Rxe5 23. Nd3 Re8 24. c5 Nd7 25. f4 Nf6 26. Nc3 Be6 27. g4
Rad8 28. Nf2 Rd4 29. e5 Nd5 30. Ne2 Rd2 31. Bf3 f5 32. exf6 Nxf6 33. Nc3 Bd5
34. Bxd5+ cxd5 35. g5 d4 36. Nb5 Ree2 37. gxf6 Rxf2 38. Nxd4 Rg2+ 39. Kh1 Rh2+
40. Kg1 Rdg2+ 41. Kf1 Rxa2 42. Rxa2 Rxa2 43. Ne6 Rb2 44. f7+ Kxf7 45. Nd8+ Ke7
46. Nxb7 Rxb3 47. Nd6 Rxh3 48. Kg2 Rc3 49. Nc8+ Kd7 50. Nxa7 Rxc5 0-1

[Event "IX American Continental Classical Championship 201"]
[Site "Hotel Pipa AtlÃ¢ntico - Praia da Pipa - Rio Grande"]
[Date "2014.10.22"]
[Round "7"]
[Board "53"]
[White "Maracaba, Francisco Wladimir G"]
[Black "De Vjunior, Liduino Furtado"]
[Result "0-1"]
[WhiteElo "1957"]
[BlackElo "2106"]
[PlyCount "136"]
[EventDate "2014.10.18"]
[EventRounds "11"]
[EventCountry "BRA"]

1. Nf3 d5 2. g3 g6 3. Bg2 Bf5 4. O-O Nf6 5. d3 e6 6. Bg5 h6 7. Bxf6 Qxf6 8. c3
Nd7 9. Nbd2 O-O-O 10. d4 g5 11. b4 h5 12. Qa4 Kb8 13. b5 c5 14. c4 Nb6 15. Qb3
h4 16. dxc5 Bxc5 17. a4 hxg3 18. hxg3 Bd6 19. a5 Nxc4 20. Nxc4 dxc4 21. Qxc4
Bh3 22. a6 Bxg2 23. Kxg2 Bc7 24. Qe4 Rd5 25. Qc4 Qf5 26. Rh1 Rhd8 27. axb7 Rc5
28. Qa4 Bb6 29. e3 Rxb5 30. Nd4 Qe4+ 31. Kg1 Bxd4 32. exd4 Rb1+ 33. Rxb1 Qxb1+
34. Kg2 Qe4+ 35. Kg1 Qxd4 36. Qa3 Qg4 37. Qe3 Qd1+ 38. Kg2 Qd5+ 39. Kg1 Qxb7
40. Qe5+ Ka8 41. Rh8 Qb1+ 42. Kh2 Rxh8+ 43. Qxh8+ Kb7 44. Qf6 Qf5 45. Qe7+ Kc6
46. Qxa7 Kd6 47. Qb8+ Ke7 48. Qb4+ Kf6 49. Qc3+ e5 50. Qd2 e4 51. Kg1 Qe5 52.
Qd8+ Kg7 53. Qd2 Qc5 54. Kg2 Kg6 55. Kg1 f5 56. Qe2 Qc1+ 57. Kg2 Qc6 58. Kg1
Qd5 59. Qa6+ Kh5 60. Qa7 Qd1+ 61. Kh2 Qf1 62. Qe3 Kg4 63. Qa7 Qe2 64. Qc5 e3
65. Qd4+ f4 66. gxf4 Qxf2+ 67. Kh1 Qf1+ 68. Kh2 Qxf4+ 0-1

[Event "IX American Continental Classical Championship 201"]
[Site "Hotel Pipa AtlÃ¢ntico - Praia da Pipa - Rio Grande"]
[Date "2014.10.22"]
[Round "7"]
[Board "54"]
[White "Lima, Alan Silva De"]
[Black "Ramos, Angelo Bil"]
[Result "1-0"]
[WhiteElo "1904"]
[BlackElo "2093"]
[PlyCount "111"]
[EventDate "2014.10.18"]
[EventRounds "11"]
[EventCountry "BRA"]

1. c4 Nf6 2. d4 g6 3. Nc3 d5 4. cxd5 Nxd5 5. e4 Nxc3 6. bxc3 Bg7 7. Bb2 O-O 8.
Bc4 c5 9. Ne2 Qc7 10. Bb3 Nc6 11. O-O Rd8 12. Qd2 Na5 13. Rad1 Nxb3 14. axb3 e6
15. d5 Qb6 16. Nc1 exd5 17. exd5 Qf6 18. Ba1 Bf5 19. Ne2 Qb6 20. Ng3 Bd7 21.
Qa2 Bg4 22. Rd3 Re8 23. h3 Bd7 24. c4 Qd8 25. Bxg7 Kxg7 26. f4 f5 27. Qf2 b6
28. Re1 Qf6 29. Rde3 Rxe3 30. Rxe3 Re8 31. Rxe8 Bxe8 32. Qe3 Kf7 33. Qe5 Qxe5
34. fxe5 Ke7 35. h4 a5 36. Kf2 a4 37. bxa4 Bxa4 38. Ke3 f4+ 39. Kxf4 Bb3 40.
Ne4 Bxc4 41. d6+ Kd8 42. Kg5 Bd3 43. Nf6 Bf5 44. g4 Be6 45. Nxh7 c4 46. Nf8 Bc8
47. e6 c3 48. Kxg6 c2 49. e7+ Ke8 50. Nh7 Kd7 51. Nf6+ Kxd6 52. e8=Q c1=Q 53.
Qd8+ Ke6 54. Qd5+ Ke7 55. Ng8+ Ke8 56. Qf7+ 1-0